00469 2200181 4500001002100000005001500021035002000036245004800056100001900104260003100123300002600154020002200180084001400202082000800216650001000224008004100234990001200275INLIS00000000000270320251007102311 a0010-09250000501 aKu Tunggu Kamu Di Menoreh /cAyu Prameswary aAyu Prameswary aJakarta :bErlangga,c2023 a272 ;c(14,5 x 21 cm) a978-623-7478-85-0 a813 AYU k a813 4aFiksi251007 0  a0754905